logo

Bir Sreshtho Munshi Abdur Rouf Library
Jhenaidah Cadet College

Advisors Of The Prophet / (Record no. 12263)

MARC details
000 -LEADER
fixed length control field 00654nam a2200253 a 4500
001 - CONTROL NUMBER
JCCL Control Number 12263
003 - CONTROL NUMBER IDENTIFIER
JCCL marc code BD-JhCC
005 - DATE AND TIME OF LATEST TRANSACTION
control field 20210916125117.0
008 - FIXED-LENGTH DATA ELEMENTS--GENERAL INFORMATION
fixed length control field 210916b2004 nyu |||| ||a| 000 0 eng d
020 ## - INTERNATIONAL STANDARD BOOK NUMBER
International Standard Book Number 996095627x
035 ## - SYSTEM CONTROL NUMBER
system control number (BD-JhCC)12263
040 ## - CATALOGING SOURCE
Original cataloging agency BD-JhCC
Modifying agency BD-JhCC
041 ## - LANGUAGE CODE
Language code of Book english
082 ## - DEWEY DECIMAL CLASSIFICATION NUMBER
Classification number 297.648
Author mark and Year SHA 2004
100 ## - MAIN ENTRY--PERSONAL NAME
Personal name shanawi,Abdul Aziz Ash
245 ## - TITLE STATEMENT
Title Advisors Of The Prophet /
Statement of responsibility, etc Abdul Aziz Ash-shanawi
260 ## - PUBLICATION, DISTRIBUTION, ETC. (IMPRINT)
Place of publication, distribution, etc London:
Name of publisher, distributor, etc Darussalam;
Date of publication, distribution, etc 2004.
300 ## - PHYSICAL DESCRIPTION
Pagination 173 p. :
Dimensions 22 cm.
600 ## - SUBJECT ADDED ENTRY--PERSONAL NAME
Personal name Muhammad, Prophet
650 ## - SUBJECT ADDED ENTRY--TOPICAL TERM
Topical term or geographic name as entry element Friends and associates
650 ## - SUBJECT ADDED ENTRY--TOPICAL TERM
Topical term or geographic name as entry element Friendship
942 ## - ADDED ENTRY ELEMENTS (KOHA)
Source of classification or shelving scheme Dewey Decimal Classification
Koha item type Books
Holdings
Source of classification or shelving scheme Damaged status Not for loan Home library Current library Shelving location Date of accession Cost, normal purchase price Total Checkouts Full call number Barcode Date last seen Copy number Koha item type
Dewey Decimal Classification     JCC Rouf Library JCC Rouf Library General Stacks 09/16/2021 640.00   297.648 SHA 2004 16931 09/16/2021 C-1 Books

JCC Library | Contacts | JCC Home

Last Update on 23 September 2017
Copyright @ 2017-2020 JCC Rouf Library
Rouf Library, Jhenidah Cadet College (JCC), Bangladesh